00868nam a2200229Ia 4500003000400000005001700004008004100021020001500062040001800077041000800095082002300103245006500126250001200191260004900203300002800252650005800280650004600338700003300384942003600417999001900453952016600472OSt20250311143559.0210716s2006 xx 000 0 und d a8131404773 cAIMIT LIBRARY aeng a658.4062 21bSATD aCombating spam /cEdited by D Satish and K Rajesh Prabhakar. a1st ed. aHyderabad :bICFAI University Press ;c2006. avi; 192p. ;bPBc23 cm. aMachine learning techniques in spam filtering9205597 aCombating web spam with trustrank9205598 aPrabhakar, K Rajesh.9205599 2ddccBKe1st ed.k658.4062 SATD c202300d202300 00102ddc40708MBAaAIMITbAIMITd2008-03-03g400.00iBill no:193/BK/S.A/08; Bill dt:2l0o658.4062 SATDpMBA04866r2026-05-23 00:00:00v200.00w2021-07-16yBK